| 000 | 00541cam a2200181ua 4500 | ||
|---|---|---|---|
| 020 | _a90 277 2319 2 | ||
| 082 |
_a630. _bGOE/NE |
||
| 100 |
_aGoedseels, V . _91450 |
||
| 245 | _aNew Perspective for Energy savings in Agriculture:Current Progress in solar Technologies./ Vol- 2 | ||
| 250 | _a1 / | ||
| 260 |
_aTokya : _bD riedel publishing company , _c1986. |
||
| 300 | _a482 ; . | ||
| 700 | 1 |
_aAvermaete, U . _91451 |
|
| 700 | 1 |
_aBuis, H . _91452 |
|
| 700 | 1 |
_aPalz, W . _91453 |
|
| 700 | 1 |
_aStuyft, Vander E . _91454 |
|
| 942 | _cREF | ||
| 999 |
_c3416 _d3416 |
||